000 00331nam a22001337a 4500
082 _a823
_bCLA/P
245 _aTHE PRINCE AND THE PAUPER
_bSHORT STORY
246 _aTHE PRINCE AND THE PAUPER
_bSHORT STORY
250 _a2003
260 _aDELHI
_bCLASSICS BOOKS
_c2003
300 _a222
520 _aCHILDREN'S SHORT STORY
942 _cBK
999 _c294
_d294